000 01110nam0a22002651 4500
001 v19\rc\1769736
005 20250619120552.0
035 _a(NLR Aleph) 004897354
090 _a5336293
_c5336293
100 _a20061204e19031902|||y0rusy50 ca
101 0 _arus
102 _aRU
105 _ay z |||c|
200 1 _aДеятельность русских пастырей для искоренения языческих суеверий в народе
_e(Церк.-ист. очерк)
_fСост. А. Товаров
210 _aМинск
_cтипо-лит. Б.и. Соломонова
_d[1903]
215 _a36 с.
311 _aИзвлеч. из № 9-12 "Минск. епарх. вед." за 1902 г.
488 0 _12001#$aМинские епархиальные ведомости$v1902, № 9-12
_tМинские епархиальные ведомости
700 1 _aТоваров
_bА.В.
_gАлександр Васильевич
_4220
801 0 _aRU
_bNLR
_gpsbo
801 0 _aRU
_bRuMoRGB
_2psbo
801 1 _aRU
_bProSoft-M
_2rusmarc
852 _aNLR
_j34.50.4.212
942 _cBOOK
980 _aNB